On target 1 /

Guardado en:
Autor Principal: Purpura, James E.
Otros Autores: Pinkley Diane
Formato: Libro
Publicado: Estados Unidos de América : Scott Foresman, 1991
Materias:
Etiquetas: Agregar Etiqueta
Sin Etiquetas, Sea el primero en etiquetar este registro!
LEADER 00491nam a22001815a 4500
001 CEM.cems007312
005 20060214000000.0
008 130507s1991##################000#0#####d
003 CEMS
082 0 4 |a 428.64 
100 1 |a Purpura, James E. 
245 1 0 |a On target 1 / 
260 |a Estados Unidos de América :  |b Scott Foresman,  |c 1991 
300 |a 132 p. 
653 |a Ingles 
653 |a Ingles-textos 
700 1 |a Pinkley Diane 
859 |a CEMS  |b BIB. CEMS - 11 de abril  |h 428.64  |i P976/I  |p 17154.93  |t Ej.1